[Event "OLOA 1920 Nickelhütte Aue II - USV Hal"]
[Site "?"]
[Date "2020.03.01"]
[Round "9.8"]
[White "Kubikova, Hana"]
[Black "Altstadt, Karl-Simon"]
[Result "0-1"]
[WhiteElo "2064"]
[BlackElo "1993"]
[PlyCount "56"]
[EventDate "2020.??.??"]
[EventType "team-tourn"]

1. d4 Nf6 2. Nf3 c5 3. d5 e6 4. c4 b5 5. e3 Bb7 6. cxb5 exd5 7. Nc3 Be7 8. Bd3
O-O 9. O-O a6 10. b3 Re8 11. Bb2 axb5 12. Bxb5 Na6 13. Be2 Nc7 14. Qc2 Ne4 15.
Rfd1 Bf6 16. Na4 Ne6 17. Rac1 Bc6 18. Bxf6 Qxf6 19. Nb6 d4 20. Nxa8 Rxa8 21.
Bd3 Nc3 22. exd4 Bxf3 23. Qxc3 Bxd1 24. Rxd1 Rxa2 25. Rf1 Qxd4 26. Qc4 g6 27.
b4 Rd2 28. Be2 Nf4 0-1

[Event "OLOA 1920 SG Leipzig I - SV Sangerhause"]
[Site "?"]
[Date "2020.03.01"]
[Round "9.1"]
[White "Engelmann, Jakob"]
[Black "Natsidis, Christoph"]
[Result "0-1"]
[WhiteElo "2278"]
[BlackElo "2340"]
[PlyCount "80"]
[EventDate "2020.??.??"]
[EventType "team-tourn"]

{[%evp 0,37,25,-24,-11,-42,12,-14,-1,-20,-29,-22,-30,-37,-37,-37,-41,-37,-24,
-30,-29,-53,-58,-59,-48,-52,-59,-51,-35,-56,-33,-33,-29,-32,-31,-29,-30,-44,
-11,-70]} 1. d3 d5 2. c3 c5 3. e4 Nf6 4. Nd2 Nc6 5. Ngf3 e5 6. Be2 Be7 7. O-O
O-O 8. Qc2 Be6 9. Re1 d4 10. Nf1 Ne8 11. Ng3 Nd6 12. Bd2 Rc8 13. c4 a6 14. h3
Qd7 15. Ng5 Bxg5 16. Bxg5 b5 17. b3 Nb4 18. Qd1 Rb8 19. Nh5 f6 20. Bd2 a5 21.
f4 a4 22. Rf1 Bf7 23. fxe5 fxe5 24. Be1 Qe7 25. Ng3 Be6 26. Rxf8+ Qxf8 27. Nf1
Ra8 28. Bg3 Nf7 29. Nd2 axb3 30. axb3 Na2 31. Qc2 Nc3 32. Rxa8 Qxa8 33. Bh5 g6
34. Bf3 b4 35. Bh4 Kg7 36. Kf2 Qa1 37. Nf1 g5 38. Bg3 Kf6 39. Nh2 Qa2 40. Bd1
Nxd1+ 0-1

[Event "OLOA 1920 SG Leipzig I - SV Sangerhause"]
[Site "?"]
[Date "2020.03.01"]
[Round "9.2"]
[White "Richter, Leonard"]
[Black "Heyder, Florian"]
[Result "1-0"]
[WhiteElo "2278"]
[BlackElo "2225"]
[PlyCount "117"]
[EventDate "2020.??.??"]
[EventType "team-tourn"]

1. e4 e6 2. d4 d5 3. Nc3 Bb4 4. e5 c5 5. dxc5 Ne7 6. Nf3 Nd7 7. Bd3 Nxc5 8. O-O
Bxc3 9. bxc3 Nc6 10. Bb5 Bd7 11. Ba3 Ne4 12. Qd3 Qa5 13. Bb4 Qc7 14. Bxc6 Qxc6
15. Nd4 Qc7 16. f3 Nc5 17. Nb5 Bxb5 18. Qxb5+ Nd7 19. Kh1 a6 20. Qa4 b5 21. Qa3
Nb6 22. Qc1 Qxe5 23. Re1 Qc7 24. Qg5 Rg8 25. Ba5 Qc6 26. Bxb6 Qxb6 27. Qxd5 Rd8
28. Qe4 g6 29. Qh4 h5 30. a4 Rd6 31. axb5 axb5 32. Ra8+ Rd8 33. Rea1 g5 34.
Qxh5 Qb7 35. R8a5 Qd5 36. h3 Qe5 37. Ra7 Qf6 38. Qh7 Qg6 39. Qxg6 Rxg6 40. Rb7
Rc8 41. Raa7 Rf6 42. Rxb5 Kf8 43. Rxg5 Rxc3 44. Ra8+ Ke7 45. Ra2 Rf4 46. Rb5
Rfc4 47. Rb7+ Kf8 48. Raa7 Rf4 49. Rc7 Re3 50. c4 Rc3 51. c5 Rc2 52. c6 Kg7 53.
Rc8 Rfc4 54. Rd8 Kg6 55. Rg8+ Kf6 56. Rf8 Rxc6 57. Rfxf7+ Ke5 58. Ra4 Re2 59.
Rg4 1-0

[Event "OLOA 1920 SG Leipzig I - SV Sangerhause"]
[Site "?"]
[Date "2020.03.01"]
[Round "9.3"]
[White "Hillmann, Michael"]
[Black "Nguyen, Alex Dac-Vuong"]
[Result "1/2-1/2"]
[WhiteElo "2112"]
[BlackElo "2361"]
[PlyCount "93"]
[EventDate "2020.??.??"]
[EventType "team-tourn"]

1. d4 Nf6 2. Nf3 e6 3. g3 c5 4. Bg2 cxd4 5. Nxd4 d5 6. O-O Be7 7. c4 O-O 8.
cxd5 Nxd5 9. e4 Nb4 10. Nc3 N8c6 11. Nxc6 Nxc6 12. Be3 Qa5 13. Qa4 Qxa4 14.
Nxa4 b6 15. e5 Bb7 16. Rac1 Rac8 17. Rfd1 Rfd8 18. Rxd8+ Nxd8 19. Bxb7 Rxc1+
20. Bxc1 Nxb7 21. Be3 Na5 22. f4 Kf8 23. Kf2 Ke8 24. Ke2 Kd7 25. Kd3 Kc6 26.
Nc3 Nb7 27. Kc4 b5+ 28. Kd3 a6 29. Ne4 a5 30. Bd4 a4 31. Be3 Na5 32. Bd4 b4 33.
Nd2 Kd5 34. Bb6 Nb7 35. Ne4 Kc6 36. Bd4 Na5 37. Nd2 Kb5 38. Be3 Nb7 39. Ne4 h5
40. Bd4 g6 41. Be3 Kc6 42. Bd4 Kb5 43. Be3 Na5 44. Nd2 Nb7 45. Ne4 Na5 46. Nd2
Nb7 47. Ne4 1/2-1/2

[Event "OLOA 1920 SG Leipzig I - SV Sangerhause"]
[Site "?"]
[Date "2020.03.01"]
[Round "9.4"]
[White "Heistermann, Till"]
[Black "Hellwig, Tobias"]
[Result "1/2-1/2"]
[WhiteElo "2166"]
[BlackElo "2214"]
[PlyCount "21"]
[EventDate "2020.??.??"]
[EventType "team-tourn"]

{[%evp 0,21,24,20,37,4,31,15,21,11,20,7,19,12,11,5,8,8,-2,-2,40,2,57,29]} 1.
Nf3 Nf6 2. g3 g6 3. Bg2 Bg7 4. O-O O-O 5. c4 c6 6. d4 d5 7. cxd5 cxd5 8. Ne5
Nc6 9. Nc3 e6 10. f4 Nd7 11. Be3 1/2-1/2

[Event "OLOA 1920 SG Leipzig I - SV Sangerhause"]
[Site "?"]
[Date "2020.03.01"]
[Round "9.5"]
[White "Richter, Dustin"]
[Black "Roesemann, Rainer"]
[Result "0-1"]
[WhiteElo "2141"]
[BlackElo "2247"]
[PlyCount "56"]
[EventDate "2020.??.??"]
[EventType "team-tourn"]

{[%evp 0,23,18,15,57,14,12,31,31,4,4,-56,-4,-46,-4,0,-5,-15,-5,-15,-13,-6,-8,
-2,-8,15]} 1. Nf3 c5 2. c4 Nc6 3. e3 Nf6 4. d4 cxd4 5. Nxd4 g6 6. b3 Bg7 7. Bb2
O-O 8. Be2 d5 9. cxd5 Nxd4 10. Qxd4 Qxd5 11. Bf3 Qa5+ 12. Qd2 Qc7 13. Qc3 Qb6
14. Qd4 Qa6 15. Be2 Qa5+ 16. Qd2 Qg5 17. Bf3 Bg4 18. Bxg4 Qxg4 19. f3 Qg5 20.
O-O Rfd8 21. Qe2 Bh6 22. Re1 Rd7 23. Nc3 Rad8 24. Rad1 Qxe3+ 25. Qxe3 Bxe3+ 26.
Kf1 Bd2 27. Re5 Bxc3 28. Rxd7 Nxd7 0-1

[Event "OLOA 1920 SG Leipzig I - SV Sangerhause"]
[Site "?"]
[Date "2020.03.01"]
[Round "9.6"]
[White "Gempe, Thomas"]
[Black "Buerckner, Georg"]
[Result "1/2-1/2"]
[WhiteElo "2192"]
[BlackElo "2029"]
[PlyCount "27"]
[EventDate "2020.??.??"]
[EventType "team-tourn"]

1. d4 d5 2. c4 e6 3. Nc3 Nf6 4. cxd5 exd5 5. Bg5 Be7 6. e3 O-O 7. Bd3 Nc6 8.
Bxf6 Bxf6 9. Qh5 g6 10. Qxd5 Qe7 11. Be2 Nb4 12. Qb3 Be6 13. Qd1 Bf5 14. Rc1
1/2-1/2

[Event "OLOA 1920 SG Leipzig I - SV Sangerhause"]
[Site "?"]
[Date "2020.03.01"]
[Round "9.7"]
[White "Ellemann, Stefan"]
[Black "Hoffmann, Hendrik"]
[Result "0-1"]
[WhiteElo "2041"]
[BlackElo "2238"]
[PlyCount "48"]
[EventDate "2020.??.??"]
[EventType "team-tourn"]

1. Nf3 Nf6 2. d4 d5 3. c4 dxc4 4. e3 Bg4 5. Bxc4 e6 6. O-O Nc6 7. Nbd2 Bd6 8.
Qc2 O-O 9. a3 Qe7 10. b4 a6 11. Bb2 e5 12. Bxa6 Rxa6 13. b5 Rb6 14. bxc6 Rxc6
15. Qb3 exd4 16. Bxd4 Ne4 17. Qxb7 Nxd2 18. Qxc6 Bxf3 19. gxf3 Qg5+ 20. Kh1 Qh5
21. f4 Nf3 22. Kg2 Qg4+ 23. Kh1 Qh3 24. Qxd6 Qxh2# 0-1

[Event "OLOA 1920 SG Leipzig I - SV Sangerhause"]
[Site "?"]
[Date "2020.03.01"]
[Round "9.8"]
[White "Rausch, Stephan"]
[Black "Duchrow, Oliver"]
[Result "1-0"]
[WhiteElo "2272"]
[BlackElo "2080"]
[PlyCount "91"]
[EventDate "2020.??.??"]
[EventType "team-tourn"]

1. d4 f5 2. g3 Nf6 3. Bg2 g6 4. Nh3 Bg7 5. O-O O-O 6. c3 c6 7. Nd2 d6 8. Nf3
Qe8 9. Qb3+ Kh8 10. Bf4 h6 11. Ne1 g5 12. Bd2 f4 13. f3 fxg3 14. hxg3 e5 15. e3
e4 16. Nf2 d5 17. c4 b6 18. Bb4 Rf7 19. fxe4 Nh5 20. Bd6 dxc4 21. Qd1 Rd7 22.
Bf3 Rxd6 23. Bxh5 Qe7 24. e5 Rd8 25. Ne4 Be6 26. Nd6 Rf8 27. Rxf8+ Qxf8 28. Ng2
Nd7 29. Qc2 Nxe5 30. dxe5 Bxe5 31. Ne4 Qg7 32. Rf1 Rf8 33. Rxf8+ Qxf8 34. Kh2
Qf5 35. Bd1 Qh3+ 36. Kg1 Bxg3 37. Qc3+ Kg8 38. Nxg3 Qxg3 39. Qf6 Bd5 40. e4 Qd3
41. Qg6+ Kf8 42. Qxh6+ Ke7 43. Qxg5+ Kd6 44. Qf4+ Kc5 45. Qf2+ Kb5 46. Bc2 1-0

[Event "OLOA 1920 SV Rochade Magdeburg 96 - SK "]
[Site "?"]
[Date "2020.03.01"]
[Round "9.1"]
[White "Burian, Simon"]
[Black "Hollan, Martin"]
[Result "0-1"]
[WhiteElo "2107"]
[BlackElo "2336"]
[PlyCount "72"]
[EventDate "2020.??.??"]
[EventType "team-tourn"]

1. e4 g6 2. d4 Nf6 3. Nc3 d5 4. Bd3 dxe4 5. Nxe4 Nxe4 6. Bxe4 Bg7 7. c3 O-O 8.
Be3 Nd7 9. Qd2 c5 10. dxc5 Qc7 11. c6 bxc6 12. Ne2 Nf6 13. Qc2 Nxe4 14. Qxe4
Bf5 15. Qf3 Rab8 16. b3 Qc8 17. h3 Qa6 18. O-O Bd3 19. Rfe1 e5 20. Bc5 Rfe8 21.
Rad1 e4 22. Qe3 Red8 23. c4 Qxa2 24. Nc1 Qc2 25. Nxd3 exd3 26. Bxa7 Rxb3 27.
Qg5 Ra8 28. Qc5 d2 29. Rf1 Bf8 30. Qa5 Ra3 31. Qg5 R3xa7 32. Rxd2 Qxc4 33. Rd8
Rxd8 34. Qxd8 Qd5 35. Qb8 Rd7 36. Re1 Rd8 0-1

[Event "OLOA 1920 SV Rochade Magdeburg 96 - SK "]
[Site "?"]
[Date "2020.03.01"]
[Round "9.2"]
[White "Kuchynka, Lukas"]
[Black "Fischer, Erik"]
[Result "1-0"]
[WhiteElo "2304"]
[BlackElo "2005"]
[PlyCount "71"]
[EventDate "2020.??.??"]
[EventType "team-tourn"]

{[%evp 0,25,24,20,37,9,37,15,66,11,12,24,32,21,43,2,0,-9,-17,0,59,33,33,31,31,
7,37,30]} 1. d4 Nf6 2. Bf4 d5 3. e3 c5 4. c3 Nc6 5. Nd2 e6 6. Ngf3 Bd6 7. Bg3
O-O 8. Bd3 b6 9. e4 dxe4 10. Nxe4 Nxe4 11. Bxe4 Bb7 12. dxc5 Bxc5 13. Qa4 Na5
14. Bxb7 Nxb7 15. Rd1 Qe8 16. Qd7 Nd6 17. Rxd6 Bxd6 18. Qxe8 Rfxe8 19. Bxd6
Rad8 20. Bf4 Rd5 21. Ke2 Red8 22. h4 f6 23. Be3 Kf7 24. c4 R5d7 25. b4 Rc8 26.
Rc1 Ke8 27. Nd2 h6 28. h5 b5 29. c5 Rd5 30. Ne4 Kd7 31. Nc3 Rxh5 32. Rd1+ Ke7
33. Nxb5 a6 34. Nd6 Rc7 35. a4 Rh4 36. Rb1 1-0

[Event "OLOA 1920 SV Rochade Magdeburg 96 - SK "]
[Site "?"]
[Date "2020.03.01"]
[Round "9.3"]
[White "Paul, Mathias"]
[Black "Bednar, Marcel"]
[Result "1/2-1/2"]
[WhiteElo "2151"]
[BlackElo "2247"]
[PlyCount "44"]
[EventDate "2020.??.??"]
[EventType "team-tourn"]

1. d4 Nf6 2. c4 c5 3. d5 b5 4. cxb5 a6 5. bxa6 d6 6. Nc3 Bxa6 7. Nf3 g6 8. e4
Bxf1 9. Kxf1 Nbd7 10. g3 Qb6 11. Kg2 Bg7 12. Qc2 O-O 13. a4 Qb4 14. Ra3 Rfb8
15. Nd2 c4 16. Nf3 Ng4 17. Rd1 Nc5 18. h3 Ne5 19. Nd4 Nb3 20. Ncb5 Nxc1 21.
Rxc1 Nd3 22. Qxc4 Qxc4 1/2-1/2

[Event "OLOA 1920 SV Rochade Magdeburg 96 - SK "]
[Site "?"]
[Date "2020.03.01"]
[Round "9.4"]
[White "Niering, Martin"]
[Black "Beyer, Christof"]
[Result "0-1"]
[WhiteElo "2196"]
[BlackElo "2013"]
[PlyCount "106"]
[EventDate "2020.??.??"]
[EventType "team-tourn"]

{[%evp 0,16,20,18,54,54,54,36,70,6,1,25,27,26,7,3,43,14,36]} 1. e4 c5 2. Nc3
Nc6 3. Bb5 g6 4. f4 Nd4 5. Nf3 Nxb5 6. Nxb5 Bg7 7. O-O a6 8. Nc3 e6 9. d3 Ne7
10. Be3 b6 11. Bf2 Qc7 12. Bg3 d6 13. Qe2 O-O 14. Rae1 Bb7 15. Nd1 b5 16. c3
Qb6 17. Bh4 Rfe8 18. Qf2 b4 19. c4 Nc6 20. Kh1 Qa5 21. b3 Nd4 22. Qd2 Qc7 23.
Ne3 Nxf3 24. gxf3 Bc3 25. Qg2 Bxe1 26. Rxe1 f5 27. Bf6 Qf7 28. Ba1 Kf8 29. Qg5
Re7 30. Bf6 Ree8 31. Kg2 e5 32. Nxf5 Re6 33. Bh8 Qg8 34. Nxd6 Rxd6 35. Bxe5
Rxd3 36. Qf6+ Qf7 37. Qb6 Rd2+ 38. Kg3 Rc8 39. Bd6+ Kg8 40. Bxc5 Qc7 41. Qxb4
Rxa2 42. Rd1 a5 43. Qb6 Qc6 44. Qxc6 Bxc6 45. Rd6 Bxe4 46. Bd4 Bc6 47. Be5 Ra3
48. Kg4 Rxb3 49. Kg5 Rb7 50. h4 Rf7 51. Bf6 Bxf3 52. Kh6 Rxf6 53. Rxf6 Rc5 0-1

[Event "OLOA 1920 SV Rochade Magdeburg 96 - SK "]
[Site "?"]
[Date "2020.03.01"]
[Round "9.5"]
[White "Hoerr, Christian"]
[Black "Stolz, Mike"]
[Result "0-1"]
[WhiteElo "1910"]
[BlackElo "2320"]
[PlyCount "62"]
[EventDate "2020.??.??"]
[EventType "team-tourn"]

1. d4 Nf6 2. Nf3 g6 3. e3 Bg7 4. c4 O-O 5. Nc3 d6 6. Be2 c6 7. O-O a6 8. a4 a5
9. e4 Na6 10. Bg5 e5 11. d5 h6 12. Bxf6 Bxf6 13. Ne1 h5 14. Nd3 c5 15. Kh1 Kg7
16. f4 exf4 17. Nxf4 Be5 18. Qd2 Rh8 19. Nd3 Qe7 20. Nxe5 Qxe5 21. Rf2 Bd7 22.
Raf1 Rhf8 23. Qf4 Qxf4 24. Rxf4 f6 25. Kg1 Nb4 26. R4f2 Rae8 27. Rd1 Nc2 28.
Bd3 Ne3 29. Re1 Ng4 30. Rf3 Ne5 31. Rfe3 f5 0-1

[Event "OLOA 1920 SV Rochade Magdeburg 96 - SK "]
[Site "?"]
[Date "2020.03.01"]
[Round "9.7"]
[White "Franz, Tobias"]
[Black "Kuna, Ralf-Michael"]
[Result "1/2-1/2"]
[WhiteElo "1843"]
[BlackElo "2119"]
[PlyCount "85"]
[EventDate "2020.??.??"]
[EventType "team-tourn"]

{[%evp 0,31,25,25,76,65,65,28,78,58,65,63,82,82,86,47,53,68,88,80,79,79,69,65,
64,65,62,58,72,55,46,7,13,-1]} 1. e4 c6 2. d4 d5 3. Nd2 g6 4. Ngf3 Bg7 5. c3
Bg4 6. exd5 cxd5 7. Bd3 Nf6 8. h3 Bxf3 9. Nxf3 Nc6 10. O-O O-O 11. Re1 a6 12.
a4 Rc8 13. Bf4 Re8 14. Rc1 e6 15. Ne5 Nxe5 16. Bxe5 Nd7 17. Bxg7 Kxg7 18. Re3
Qb6 19. Qe2 Qc6 20. b3 Qd6 21. Qb2 Rc7 22. Re2 Rec8 23. Rec2 f5 24. c4 e5 25.
cxd5 Rxc2 26. Rxc2 Rxc2 27. Bxc2 e4 28. Qc3 Nb6 29. Qc5 Qxc5 30. dxc5 Nxd5 31.
Kf1 Kf6 32. Bd1 Ke5 33. Be2 Kd4 34. c6 bxc6 35. Bxa6 Kc3 36. Bc4 Kd2 37. a5 f4
38. a6 e3 39. a7 Nb6 40. Be2 g5 41. fxe3 fxe3 42. Bf3 h6 43. Be2 1/2-1/2

[Event "OLOA 1920 SV Rochade Magdeburg 96 - SK "]
[Site "?"]
[Date "2020.03.01"]
[Round "9.8"]
[White "Hoffmann, Uwe"]
[Black "Graf, Lucas"]
[Result "0-1"]
[WhiteElo "2122"]
[BlackElo "1876"]
[PlyCount "132"]
[EventDate "2020.??.??"]
[EventType "team-tourn"]

{[%evp 0,46,24,20,37,-11,36,43,69,67,67,-2,-25,-25,7,0,40,23,23,20,34,21,21,11,
45,37,24,-27,-18,-20,-4,-13,-24,-60,-70,-32,-35,-87,-84,-139,-119,-165,-101,
-120,-108,-120,-85,-100,-111]} 1. d4 Nf6 2. c4 g6 3. Nc3 d5 4. cxd5 Nxd5 5.
Nxd5 Qxd5 6. e3 Bg7 7. Ne2 c5 8. Nc3 Qd8 9. d5 O-O 10. Be2 a6 11. a4 Qc7 12.
O-O Rd8 13. e4 Nc6 14. Be3 Nd4 15. Rc1 Qb6 16. Bc4 Qxb2 17. Qd3 Qb6 18. Ba2 Bd7
19. Qc4 Qb4 20. Rfd1 b5 21. Qxb4 cxb4 22. Bxd4 bxc3 23. Bxg7 Kxg7 24. Rxc3 b4
25. Rc7 Bxa4 26. Rb1 Rdc8 27. d6 b3 28. Bxb3 Bxb3 29. Rxb3 exd6 30. Rxc8 Rxc8
31. f3 Ra8 32. Rb6 a5 33. Rxd6 a4 34. Rd2 a3 35. Ra2 Kf6 36. Kf2 Ke5 37. Ke3 g5
38. g3 Ra4 39. f4+ gxf4+ 40. gxf4+ Kd6 41. Kd3 Kc5 42. Rc2+ Kb5 43. Ra2 Kb4 44.
Kc2 Kc4 45. Kb1 Kd3 46. e5 Ke4 47. Ka1 h5 48. Rg2 Kxf4 49. Rg7 Kxe5 50. Rxf7
Rh4 51. Rf2 Rh3 52. Ka2 Ke4 53. Rc2 Kd3 54. Rg2 Ke4 55. Rc2 Kf4 56. Rd2 Re3 57.
Rg2 Kf3 58. Rg3+ Kf2 59. Rg5 Rh3 60. Rg7 h4 61. Rg8 Rxh2 62. Kxa3 Rh3+ 63. Kb2
Rg3 64. Rf8+ Kg1 65. Ra8 h3 66. Ra1+ Kg2 0-1

[Event "OLOA 1920 SG AE Magdeburg II - SK Köni"]
[Site "?"]
[Date "2020.03.01"]
[Round "9.1"]
[White "Sandner, Gunter"]
[Black "Rafayevych, Vilen"]
[Result "0-1"]
[WhiteElo "2275"]
[BlackElo "2112"]
[PlyCount "80"]
[EventDate "2020.??.??"]
[EventType "team-tourn"]

{[%evp 0,22,18,4,4,-46,-24,-10,-10,-21,7,0,2,2,15,14,32,18,40,41,63,38,46,46,
34]} 1. g3 d5 2. Bg2 Nf6 3. Nf3 Bf5 4. c4 c6 5. Qb3 Qb6 6. d3 Nbd7 7. Qxb6 Nxb6
8. cxd5 cxd5 9. Nc3 Bd7 10. a4 e6 11. a5 Nc8 12. O-O Bd6 13. Bg5 h6 14. Bxf6
gxf6 15. e4 dxe4 16. dxe4 a6 17. Rfd1 Ke7 18. Rd4 Bc6 19. Rc4 Na7 20. Nd4 Rac8
21. Na4 Bxa4 22. Raxa4 Be5 23. Rcb4 Rc7 24. Bf1 Rd8 25. Nf3 Rd1 26. Kg2 Nc6 27.
Rb6 Rb1 28. Nxe5 fxe5 29. Rc4 Kd7 30. Rc5 f6 31. Bd3 Rd1 32. Bc2 Rd4 33. Kf1
Nd8 34. Rxc7+ Kxc7 35. Ke2 Nc6 36. Ke3 Nb4 37. Bb1 Nc6 38. Ba2 Ra4 39. Bxe6
Nxa5 40. Bb3 Nc4+ 0-1

[Event "OLOA 1920 SG AE Magdeburg II - SK Köni"]
[Site "?"]
[Date "2020.03.01"]
[Round "9.2"]
[White "Koenig, Marco"]
[Black "Kuraszkiewicz, Michael"]
[Result "1/2-1/2"]
[WhiteElo "2091"]
[BlackElo "2268"]
[PlyCount "41"]
[EventDate "2020.??.??"]
[EventType "team-tourn"]

{[%evp 0,16,24,24,24,18,18,23,23,13,33,2,-4,-2,24,4,4,21,15]} 1. e4 e5 2. Nf3
Nc6 3. d4 exd4 4. Nxd4 Nf6 5. Nxc6 bxc6 6. e5 Qe7 7. Qe2 Nd5 8. c4 Nb6 9. Nc3
a5 10. Qe4 Ba6 11. Bd3 Qb4 12. a3 Qb3 13. O-O Nxc4 14. Bc2 Qb7 15. b3 Nxa3 16.
Bxa3 Bxa3 17. Rxa3 Bxf1 18. Kxf1 Qb6 19. b4 h6 20. g3 Ke7 21. bxa5 1/2-1/2

[Event "OLOA 1920 SG AE Magdeburg II - SK Köni"]
[Site "?"]
[Date "2020.03.01"]
[Round "9.3"]
[White "Kunze, Carlo"]
[Black "Noack, Marcel"]
[Result "1-0"]
[WhiteElo "2259"]
[BlackElo "2028"]
[PlyCount "83"]
[EventDate "2020.??.??"]
[EventType "team-tourn"]

{[%evp 0,47,18,15,37,-13,43,32,33,43,36,47,41,34,49,21,17,2,20,-2,22,15,25,22,
36,41,47,42,40,34,55,61,52,61,59,44,33,45,53,67,68,32,74,73,180,212,216,212,
207,212]} 1. d4 Nf6 2. c4 g6 3. Nc3 Bg7 4. e4 d6 5. Be2 O-O 6. Nf3 e5 7. d5 a5
8. Bg5 h6 9. Bh4 Qe8 10. Nd2 Na6 11. O-O Nd7 12. f3 Nb6 13. b3 Bd7 14. a3 Nc5
15. Qc2 f5 16. b4 Nca4 17. Nb5 Bxb5 18. cxb5 Qd7 19. Rfc1 Rfc8 20. Nb3 axb4 21.
axb4 f4 22. Na5 Rab8 23. Ra2 Bf8 24. Qd3 Ra8 25. Bd1 Nc5 26. bxc5 dxc5 27. Bb3
c4 28. Bxc4 Bb4 29. Nxb7 Rcb8 30. Rxa8 Nxa8 31. d6+ Kg7 32. dxc7 Qxc7 33. Nd8
Qa7+ 34. Bf2 Qa3 35. Qxa3 Bxa3 36. Rd1 Kf6 37. Nc6 Rc8 38. Bd5 Nc7 39. b6 Na6
40. Ra1 Nb4 41. Rxa3 Nxc6 42. Rc3 1-0

[Event "OLOA 1920 SG AE Magdeburg II - SK Köni"]
[Site "?"]
[Date "2020.03.01"]
[Round "9.4"]
[White "Windelband, Jens"]
[Black "Zaehringer, Daniel"]
[Result "0-1"]
[WhiteElo "2128"]
[BlackElo "2135"]
[PlyCount "82"]
[EventDate "2020.??.??"]
[EventType "team-tourn"]

1. d4 d5 2. c4 e6 3. Nf3 Nf6 4. e3 c6 5. Nc3 Nbd7 6. Be2 dxc4 7. Bxc4 b5 8. Bd3
Bd6 9. O-O O-O 10. e4 e5 11. dxe5 Nxe5 12. Nxe5 Bxe5 13. f4 Bd4+ 14. Kh1 Ng4
15. Qf3 Nxh2 16. Qg3 Nxf1 17. Bxf1 Qf6 18. Be3 Rd8 19. Re1 Bxe3 20. Qxe3 Bg4
21. e5 Qh4+ 22. Kg1 Bf5 23. g3 Qe7 24. Be2 Qb4 25. g4 Be6 26. f5 Bc4 27. Bf3
Qxb2 28. e6 fxe6 29. f6 gxf6 30. Ne4 Qd4 31. Qxd4 Rxd4 32. Nxf6+ Kg7 33. g5
Rad8 34. Kf2 h6 35. Nh5+ Kg6 36. gxh6 Kxh6 37. Rg1 Rd2+ 38. Ke1 Rxa2 39. Rg3
Ra1+ 40. Kf2 Rf1+ 41. Ke3 Rxf3+ 0-1

[Event "OLOA 1920 SG AE Magdeburg II - SK Köni"]
[Site "?"]
[Date "2020.03.01"]
[Round "9.5"]
[White "Pfretzschner, Roland"]
[Black "Sieber, Martin"]
[Result "0-1"]
[WhiteElo "2227"]
[BlackElo "1915"]
[PlyCount "62"]
[EventDate "2020.??.??"]
[EventType "team-tourn"]

{[%evp 0,21,15,18,34,4,-1,-61,31,14,7,2,24,-8,5,-31,-23,-3,1,5,-29,-19,-19,8]} 
1. e4 e6 2. b3 d5 3. Bb2 Nf6 4. e5 Nfd7 5. f4 c5 6. Qg4 Nc6 7. Nf3 h5 8. Qg3 a6
9. Be2 b5 10. O-O Bb7 11. d3 Nb4 12. Na3 d4 13. Ng5 h4 14. Qh3 Be7 15. Ne4 Nd5
16. c4 dxc3 17. Bc1 Qb6 18. Kh1 O-O-O 19. Nc2 f5 20. Nf2 g5 21. fxg5 Nxe5 22.
Nd1 Rdg8 23. Nde3 Nxe3 24. Bxe3 Bxg5 25. Ne1 Bxe3 26. Qxe3 h3 27. Qxe5 hxg2+
28. Nxg2 Bxg2+ 29. Kg1 Bxf1+ 30. Kxf1 Qc6 31. Qxc3 Rxh2 0-1

[Event "OLOA 1920 SG AE Magdeburg II - SK Köni"]
[Site "?"]
[Date "2020.03.01"]
[Round "9.7"]
[White "Linnert, Niklas"]
[Black "Heyne, Jan-Hendrik"]
[Result "1/2-1/2"]
[WhiteElo "2046"]
[BlackElo "1842"]
[PlyCount "114"]
[EventDate "2020.??.??"]
[EventType "team-tourn"]

1. e4 e5 2. Nf3 Nc6 3. Nc3 Nf6 4. Bc4 Bc5 5. a3 a6 6. O-O d6 7. h3 h6 8. d3 Be6
9. Nd5 Bxd5 10. Bxd5 Qd7 11. Be3 Ba7 12. Bxa7 Rxa7 13. Ba2 Ne7 14. Kh2 c6 15.
d4 exd4 16. Qxd4 b5 17. e5 dxe5 18. Qxe5 O-O 19. Rad1 Qc7 20. Qxc7 Rxc7 21. Ne5
Ned5 22. c4 Nb6 23. b4 c5 24. cxb5 axb5 25. bxc5 Nc4 26. Bxc4 bxc4 27. c6 Re8
28. f4 c3 29. Rf3 Ne4 30. Re3 f6 31. Rxe4 fxe5 32. Rc4 exf4 33. Rd7 Rec8 34.
Rxc7 Rxc7 35. Kg1 Kf7 36. Rxf4+ Ke7 37. Rc4 Kd8 38. Rxc3 Ra7 39. c7+ Kc8 40.
Kf2 Ra4 41. Ke3 h5 42. Kd3 g5 43. Kc2 g4 44. Kb3 Rf4 45. a4 h4 46. Rc4 gxh3 47.
gxh3 Rf3+ 48. Rc3 Rf4 49. a5 Re4 50. Ka3 Rf4 51. Kb3 Re4 52. Rc4 Re3+ 53. Kb4
Rxh3 54. Kb5 Rb3+ 55. Kc6 h3 56. Rh4 Rc3+ 57. Kb6 Rb3+ 1/2-1/2

[Event "OLOA 1920 SG AE Magdeburg II - SK Köni"]
[Site "?"]
[Date "2020.03.01"]
[Round "9.8"]
[White "Willberg, Frank"]
[Black "Pivtorak, Ilya"]
[Result "1-0"]
[WhiteElo "1870"]
[BlackElo "1475"]
[PlyCount "57"]
[EventDate "2020.??.??"]
[EventType "team-tourn"]

{[%evp 0,32,18,18,17,-10,2,-40,12,-34,-35,-28,-17,-23,-9,-9,-11,-15,2,36,55,53,
84,-10,-1,32,31,5,111,-24,59,70,70,40,35]} 1. Nf3 d5 2. g3 Nf6 3. c4 c6 4. b3
Bf5 5. Bg2 e6 6. O-O Nbd7 7. Bb2 Bd6 8. d3 e5 9. e4 Bg4 10. exd5 cxd5 11. Qe1
Qe7 12. cxd5 Nxd5 13. Nxe5 Bxe5 14. Bxe5 Qxe5 15. Qxe5+ Nxe5 16. Bxd5 O-O-O 17.
Nc3 Nxd3 18. Bxf7 Bh3 19. Rfd1 Rhf8 20. Bc4 Nxf2 21. Rxd8+ Kxd8 22. Bd5 b6 23.
Ne2 g5 24. Rc1 Kd7 25. Nd4 Nd3 26. Rd1 Rf2 27. Nb5 a6 28. Nc3 Bf5 29. Rxd3 1-0

[Event "OLOA 1920 SG 1871 Löberitz - SV Rochade"]
[Site "?"]
[Date "2021.07.17"]
[Round "10.1"]
[White "Mueller, Dominik"]
[Black "Pallas, Sebastian"]
[Result "1/2-1/2"]
[WhiteElo "2220"]
[BlackElo "2242"]
[PlyCount "64"]
[EventDate "2021.??.??"]
[EventType "team-tourn"]

1. c4 Nf6 2. Nc3 d5 3. cxd5 Nxd5 4. g3 g6 5. Bg2 Nb6 6. Nf3 Bg7 7. O-O Nc6 8.
b3 O-O 9. Bb2 e5 10. Ne1 Nd4 11. Nd3 c6 12. f4 exf4 13. Nxf4 Bg4 14. h3 Bc8 15.
Qc1 f5 16. e3 Ne6 17. Nce2 Re8 18. Bxg7 Nxg7 19. Nd4 Be6 20. b4 Bc4 21. d3 Bd5
22. Bf3 Bxf3 23. Rxf3 Qd6 24. Qb2 Re5 25. a4 g5 26. a5 Nd7 27. Ng2 Rf8 28. Raf1
Rd5 29. Qb3 Kh8 30. a6 bxa6 31. Qc3 Kg8 32. Qb3 Kh8 1/2-1/2

[Event "OLOA 1920 SG 1871 Löberitz - SV Rochade"]
[Site "?"]
[Date "2021.07.17"]
[Round "10.2"]
[White "Niegsch, Nicolas"]
[Black "Niering, Martin"]
[Result "1-0"]
[WhiteElo "2306"]
[BlackElo "2200"]
[PlyCount "121"]
[EventDate "2021.??.??"]
[EventType "team-tourn"]

1. d4 e6 2. Nf3 Nf6 3. e3 d5 4. Bd3 Be7 5. O-O O-O 6. Nbd2 c5 7. b3 cxd4 8.
exd4 Nc6 9. a3 a5 10. Bb2 Nh5 11. c4 Nf4 12. Bb1 Bd6 13. g3 Nh5 14. Ne5 g6 15.
Ndf3 Bd7 16. Qe2 Be8 17. Bd3 Ng7 18. Rfd1 Ne7 19. Nd2 f6 20. Nef3 Bf7 21. Nb1
Qd7 22. Nc3 Nc6 23. Nb5 Be7 24. Rac1 Rfe8 25. Qf1 Bf8 26. Qh3 Rad8 27. Re1 Nf5
28. g4 Nd6 29. Qh4 Bg7 30. Qg3 a4 31. Nxd6 Qxd6 32. Qxd6 Rxd6 33. c5 Rdd8 34.
b4 e5 35. b5 e4 36. bxc6 bxc6 37. Bc2 exf3 38. Bxa4 Bh6 39. Rcd1 Re2 40. Rxe2
fxe2 41. Re1 Re8 42. Bxc6 Bd2 43. Bxe8 Bxe1 44. Bb5 Be8 45. Bxe2 Kf7 46. Ba6
Bc6 47. Kf1 Ba5 48. Ke2 Ke7 49. Kf3 Kd7 50. h4 Kc7 51. Bc1 Ba4 52. Ke2 Bd7 53.
Bf4+ Kc6 54. f3 Bc3 55. Kd3 Be1 56. a4 Be6 57. Bb5+ Kb7 58. h5 f5 59. hxg6 hxg6
60. g5 Bf7 61. Bd7 1-0